=LDR 00000nam 2200000 4500 =001 INLIS000000000016636 =005 20130612111914 =008 ***********************************Ind** =035 ##$$0010-061300000016636 =041 ##$$a Ind =082 ##$$a 602.6 =090 ##$$a 602.6, Ind u =260 ##$$a 2002 $b Bandung =300 ##$$a 65 hlm, 21 cm =650 ##$$a Teknologi-Undang-undang dan perturan =850 ##$$a NBPNMAT